书目信息 |
| 题名: |
通信原理
|
|
| 作者: | 殷蔚华 , 黄本雄, , 黄载禄 编著 | |
| 分册: | ||
| 出版信息: | 北京 科学出版社 2007.02 |
|
| 页数: | 693页 | |
| 开本: | 24cm | |
| 丛书名: | ||
| 单 册: | ||
| 中图分类: | TN911 | |
| 科图分类: | ||
| 主题词: | 通信理论--tong xin li lun--高等学校--教材 | |
| 电子资源: | ||
| ISBN: | 978-7-03-018453-5 | |
| 000 | 00960nam0 2200265 450 | |
| 001 | 012007628440 | |
| 005 | 20070920161219.48 | |
| 010 | @a978-7-03-018453-5@dCNY52.00 | |
| 100 | @a20070821d2007 km y0chiy0120 ea | |
| 101 | 0 | @achi |
| 102 | @aCN@b110000 | |
| 105 | @aa a 000yy | |
| 200 | 1 | @a通信原理@Atong xin yuan li@f黄载禄, 殷蔚华, 黄本雄编著@Fhuang zai lu,yin wei hua,huang ben xiong bian zhu |
| 210 | @a北京@c科学出版社@d2007.02 | |
| 215 | @a693页@c图@d24cm | |
| 300 | @a配套高等教育“十一五”国家级规划教材 | |
| 320 | @a有书目 (第668-669页)。 | |
| 330 | @a本书以有线通信和无线通信为背景, 介绍通信系统和设备的基本概念、原理和技术。本书的主要章节有: 信道、信源编码、信道复用等。 | |
| 606 | 0 | @a通信理论@Atong xin li lun@x高等学校@j教材 |
| 690 | @aTN911@v4 | |
| 701 | 0 | @a殷蔚华@Ayin wei hua@4编著 |
| 701 | 0 | @a黄本雄,@Ahuang ben xiong@f1966- @4编著 |
| 701 | 0 | @a黄载禄@Ahuang zai lu@4编著 |
| 801 | 0 | @aCN@c20070920 |
| 905 | @dTN911@eH923 | |
| 通信原理/黄载禄, 殷蔚华, 黄本雄编著.-北京:科学出版社,2007.02 |
| 693页:图;24cm |
| 配套高等教育“十一五”国家级规划教材 |
| ISBN 978-7-03-018453-5:CNY52.00 |
| 本书以有线通信和无线通信为背景, 介绍通信系统和设备的基本概念、原理和技术。本书的主要章节有: 信道、信源编码、信道复用等。 |
| ● |
| 相关链接 |
|
|
|
正题名:通信原理
索取号:TN911/H923
 
预约/预借
| 序号 | 登录号 | 条形码 | 馆藏地/架位号 | 状态 | 备注 |
| 1 | 261426 | 202614260 | 自科库301/301自科库 34排1列1层/ [索取号:TN911/H923] | 在馆 | |
| 2 | 261427 | 202614279 | 自科二线504/504自科库 8排1列2层/ [索取号:TN911/H923] | 在馆 | |
| 3 | 261428 | 202614288 | 自科二线504/504自科库 8排1列2层/ [索取号:TN911/H923] | 在馆 |